Lehrbuch der finanzwissenschaft. (Record no. 23754)

MARC details
000 -LEADER
fixed length control field 00588cam a22002171 4500
001 - CONTROL NUMBER
control field g 01001485
003 - CONTROL NUMBER IDENTIFIER
control field DLC
005 - DATE AND TIME OF LATEST TRANSACTION
control field 20260227111255.0
008 - FIXED-LENGTH DATA ELEMENTS--GENERAL INFORMATION
fixed length control field 800930s1887 gw 000 0 ger
010 ## - LIBRARY OF CONGRESS CONTROL NUMBER
LC control number g 01001485
035 ## - SYSTEM CONTROL NUMBER
System control number (OCoLC)6768566
040 ## - CATALOGING SOURCE
Original cataloging agency DLC
Transcribing agency NNU
Modifying agency DLC
042 ## - AUTHENTICATION CODE
Authentication code premarc
050 00 - LIBRARY OF CONGRESS CALL NUMBER
Classification number HJ161
Item number .U5
100 1# - MAIN ENTRY--PERSONAL NAME
Personal name Umpfenbach, Karl
Fuller form of name (Karl Friedrich),
Dates associated with a name 1832-1907.
245 00 - TITLE STATEMENT
Title Lehrbuch der finanzwissenschaft.
Statement of responsibility, etc. Von dr. Karl Umpfenbach.
250 ## - EDITION STATEMENT
Edition statement 2. aufl.
260 ## - PUBLICATION, DISTRIBUTION, ETC.
Place of publication, distribution, etc. Stuttgart,
Name of publisher, distributor, etc. F. Enke,
Date of publication, distribution, etc. 1887.
300 ## - PHYSICAL DESCRIPTION
Extent xii, 517 p.
Dimensions 23 cm.
650 #0 - SUBJECT ADDED ENTRY--TOPICAL TERM
Topical term or geographic name entry element Finance.

No items available.

Powered by Koha